| 000 | 00889nam a22002297a 4500 | ||
|---|---|---|---|
| 003 | OSt | ||
| 005 | 20210311105208.0 | ||
| 008 | 210311s2010 ck ao||gr|||| 00| 0dspa d | ||
| 020 | _a9789584477712 | ||
| 040 |
_aCO-JMCR _cCO-JMCR |
||
| 041 | 0 | _aspa | |
| 082 | 0 | 4 |
_a778.9409861 / _bV985c _223 |
| 100 | 1 |
_aVásquez Cuartas, Jorge Iván, _eautor _935937 |
|
| 245 | 1 | 0 |
_aColombia : _bvista con buenos ojos / _cfotografías, Jorge Iván Vásquez Cuartas |
| 260 |
_aBogotá : _bJorge Iván Vásquez Cuartas, _cimpresión 2010 |
||
| 300 |
_a[177] páginas : _bIlustraciones y fotografías a color ; _c22 x 29 cm. |
||
| 500 | _aIncluye datos biográficos del autor. | ||
| 650 | 1 | 4 |
_aRecursos naturales _xfotografías _zColombia _935938 |
| 651 | 4 |
_aColombia _vfotografías _xdescripciones y viajes _910305 |
|
| 651 | 4 |
_aColombia _vfotografías _xvida social y costumbres _935939 |
|
| 942 |
_2ddc _cBK |
||
| 999 |
_c15336 _d15336 |
||